| 000 | 00630nam a2200241Ia 4500 | ||
|---|---|---|---|
| 008 | 160803s9999 xx 000 0 und d | ||
| 020 | _a9780590254793 | ||
| 100 | _aLewis, C.S | ||
| 245 | 4 | _aThe voyage of the Dawn Treader / | |
| 245 | _cC.S. Lewis ; illustrated by Pauline Baynes. | ||
| 260 | _aNew York : | ||
| 260 | _bScholastic Inc. | ||
| 260 | _c1952 | ||
| 300 | _a248 pages : | ||
| 300 | _billustrations, map ; | ||
| 300 | _c20 cm. | ||
| 650 | _aFantasy. | ||
| 650 | _aNarnia (Imaginary place) -- | ||
| 650 | _aSelfishness in children -- | ||
| 650 | _xFiction. | ||
| 650 | _xFiction. | ||
| 700 | _a970 | ||
| 999 |
_c298734 _d298734 |
||